Excavadora superfuerte / (Record no. 17618)

MARC details
000 -LEADER
fixed length control field 01203cam a2200349 a 4500
001 - CONTROL NUMBER
control field sjds13462559
003 - CONTROL NUMBER IDENTIFIER
control field sjds
005 - DATE AND TIME OF LATEST TRANSACTION
control field 20170615103032.0
008 - FIXED-LENGTH DATA ELEMENTS--GENERAL INFORMATION
fixed length control field 040120t20032002nyua j 000 1 spa d
020 ## - INTERNATIONAL STANDARD BOOK NUMBER
International Standard Book Number 0786819766 (Board)
024 ## - OTHER STANDARD IDENTIFIER
Standard number or code 725961005993 (Board)
040 ## - CATALOGING SOURCE
Transcribing agency sjds
041 ## - LANGUAGE CODE
Language code of text/sound track or separate title spa
Language code of original eng
082 00 - DEWEY DECIMAL CLASSIFICATION NUMBER
Classification number [E]
Edition number 22
100 1# - MAIN ENTRY--PERSONAL NAME
Personal name Dollin, Laura.
240 ## - UNIFORM TITLE
Uniform title <a href="Tractor power">Tractor power</a>
245 10 - TITLE STATEMENT
Title Excavadora superfuerte /
Statement of responsibility, etc. [text by Laura Dollin ; illustrations by Red Giraffe ; design by Lisa Kershaw]
250 ## - EDITION STATEMENT
Edition statement First U.S. ed.
260 ## - PUBLICATION, DISTRIBUTION, ETC. (IMPRINT)
Place of publication, distribution, etc. New York :
Name of publisher, distributor, etc. Hyperion Books for Children,
Date of publication, distribution, etc. 2003, c2002.
300 ## - PHYSICAL DESCRIPTION
Extent [12] p. :
Other physical details chiefly col. ill. ;
Dimensions 15 cm.
490 0# - SERIES STATEMENT
Series statement Tough stuff
500 ## - GENERAL NOTE
General note Cover title.
500 ## - GENERAL NOTE
General note Originally published: London, UK 2002.
500 ## - GENERAL NOTE
General note On die-cut board pages with rubber strip attached to p. [1] of cover to resemble a tractor tire.
650 #0 - SUBJECT ADDED ENTRY--TOPICAL TERM
Topical term or geographic name as entry element Board books.
650 #0 - SUBJECT ADDED ENTRY--TOPICAL TERM
Topical term or geographic name as entry element Toy and movable books
Form subdivision Specimens.
650 #1 - SUBJECT ADDED ENTRY--TOPICAL TERM
Topical term or geographic name as entry element Tractors
Form subdivision Fiction.
650 #1 - SUBJECT ADDED ENTRY--TOPICAL TERM
Topical term or geographic name as entry element Toy and movable books.
710 2# - ADDED ENTRY--CORPORATE NAME
Corporate name or jurisdiction name as entry element Red Giraffe, Ltd.
942 ## - ADDED ENTRY ELEMENTS (KOHA)
Koha item type Libro/Book
Holdings
Withdrawn status Lost status Source of classification or shelving scheme Damaged status Not for loan Home library Current library Date acquired Total Checkouts Full call number Barcode Date last seen Price effective from Koha item type
    Dewey Decimal Classification     Zaragoza -- Satellite Zaragoza -- Satellite 15/06/2017   [E] 35501519 15/06/2017 15/06/2017 Libro/Book

Powered by Koha